| 000 | 02008nam a2200493Ii 4500 | ||
|---|---|---|---|
| 001 | DIGUOCES0312 | ||
| 003 | NyNyDIG | ||
| 006 | m o d | ||
| 007 | cr ||||||||||| | ||
| 008 | 220325s2020 sp ob 000 0 spa d | ||
| 035 | _a(OCoLC)1319852391 | ||
| 040 |
_aDGITA _beng _erda _epn _cDGITA |
||
| 020 |
_a9788491807636 _qeBook _qpdf |
||
| 020 |
_a9788491807643 _qeBook _qePub |
||
| 020 | _z9788491807629 | ||
| 050 | 1 | 4 | _aRA644.C67 ebook |
| 082 | 0 | 4 | _a155 |
| 100 | 1 |
_aSánchez Hernández, Óscar, _eauthor. |
|
| 245 | 1 | 0 |
_a¡Quédate en casa! : _bresiliencia y bienestar : psicología aplicada en tiempos de pandemia / _cÓscar Sánchez Hernández, Ana Canales García ; prólogo de Francisco Xavier Méndez Carrillo. |
| 250 | _aPrimera edición en formato digital (PDF) | ||
| 264 | 1 |
_aBarcelona : _bEditorial UOC, _c[2020] |
|
| 300 | _a1 online resource. | ||
| 336 |
_atext _btxt _2rdacontent |
||
| 337 |
_acomputer _bc _2rdamedia |
||
| 338 |
_aonline resource _bcr _2rdacarrier |
||
| 347 |
_atext file _2rdaft |
||
| 347 | _bPDF | ||
| 490 | 1 | _aPsicología | |
| 504 | _aIncludes bibliographical references. | ||
| 588 | 0 | _aOnline resource; title from PDF title page (Digitalia, viewed March 25, 2022) | |
| 650 | 0 |
_aCOVID-19 (Disease) _xPsychological aspects. |
|
| 650 | 0 | _aEpidemics. | |
| 650 | 0 | _aResilience (Personality trait) | |
| 655 | 0 | _aElectronic books. | |
| 700 | 1 |
_aCanales García, Ana, _eauthor. |
|
| 700 | 1 |
_aMéndez Carrillo, Francisco Xavier, _econtributor agent of text. |
|
| 791 | 2 |
_aDigitalia (Firm), _edistributor. |
|
| 793 | 0 |
_gDigitalia eBook Collection: _aUniversitat Oberta de Catalunya |
|
| 776 | 0 | 8 |
_iPrint version: _aSánchez Hernández, Óscar. _t¡Quédate en casa! _bPrimera edición en lengua castellana. _dBarcelona : Editorial UOC, [2020] _z9788491807629 |
| 830 | 0 |
_aManuales (Editorial UOC). _pPsicología. |
|
| 856 | 4 | 0 |
_3Digitalia Hispánica _uhttps://www.digitaliapublishing.com/a/79620/ |
| 910 | _aPremium collection: 2022 | ||
| 942 | _cRAA | ||
| 999 |
_c264408 _d264408 |
||